Obálka Náhled e-knihy:
Epub
Pro půjčování e-knih musíte být přihlášeni.
Jak si půjčit online?

O čem řeka ví /

Svěží historický fantasy román se odehrává v tajuplném Egyptě v polovině 19. století.

Uloženo v:
Série:Tajemství Nilu, část 1
Hlavní autor: Ibañez, Isabel, 1984- (Autor)
Další autoři: Košnarová, Viktorie (Autor)
Médium: E-kniha
Jazyk:Czech
Vydáno: Praha : Euromedia Group, 2025
Vydání:Vydání první
Edice:Yoli
Témata:
Příbuzné jednotky:Z cyklu:: Tajemství Nilu
Tagy:
Žádné tagy
LEADER 02966nam a2200577 i 4500
001 302534
003 CZ PrSKC
005 20260513063241.0
007 ta
008 250528s2025 xr d 000 f cze
015 |a cnb003687344 
020 |a 9788028406639  |q (brožováno) 
035 |a (OCoLC)1527576885 
040 |a ABG001  |b cze  |d BOA001  |d ABA001  |e rda 
041 1 |a cze  |h eng 
072 7 |a 821.111(73)-3  |x Americká próza  |2 Konspekt 
072 7 |a 821-93  |x Literatura pro děti a mládež (beletrie)  |2 Konspekt 
080 |a 821.111(73)-31  |2 MRF 
080 |a 821-93-053.67  |2 MRF 
080 |a 821-93  |2 MRF 
080 |a (0:82-312.9)  |2 MRF 
100 1 |a Ibañez, Isabel,  |d 1984-  |7 xx0316278  |4 aut 
240 1 0 |a What the river knows.  |l Česky 
245 1 0 |a O čem řeka ví /  |c Isabel Ibañez ; přeložila Viktorie Košnarová 
250 |a Vydání první 
264 1 |a Praha :  |b Euromedia Group,  |c 2025 
300 |a 438 stran ;  |c 20 cm 
336 |a text  |b txt  |2 rdacontent 
337 |a bez média  |b n  |2 rdamedia 
338 |a svazek  |b nc  |2 rdacarrier 
490 1 |a Yoli 
500 |a Přeloženo z angličtiny 
500 |a Chronologický přehled 
520 2 |a Svěží historický fantasy román se odehrává v tajuplném Egyptě v polovině 19. století.  |b Inez Olivera patří ke smetánce argentinské společnosti a má všechno, co si jen dívka může přát. Když dostane zprávu o tragické smrti rodičů v Egyptě, něco se jí na tom nezdá, a proto se vydá do Káhiry hledat odpovědi. Hned po příjezdu ji magie vycházející z prstenu od otce dovede ke zjištění, že se zmizením rodičů to není tak jednoduché, jak jí tvrdil strýc. Jeho nesnesitelně pohledný pomocník jí neustále hází klacky pod nohy, a aby se dozvěděla pravdu o rodičích, musí se Inez buď spolehnout na prastarou magii, nebo riskovat, že se stane loutkou v mnohem větší hře a možná zaplatí životem. Nakladatelská anotace. Kráceno. 
521 8 |a Pro čtenáře od 13 let 
655 7 |a americké romány  |7 fd131796  |2 czenas 
655 7 |a fantasy romány  |7 fd184199  |2 czenas 
655 7 |a literatura young adult  |7 fd1185572  |2 czenas 
655 7 |a publikace pro mládež  |7 fd133157  |2 czenas 
655 9 |a American fiction  |2 eczenas 
655 9 |a fantasy novels  |2 eczenas 
655 9 |a young adult literature  |2 eczenas 
655 9 |a juvenile literature  |2 eczenas 
700 1 |a Košnarová, Viktorie  |7 jn20001227133  |4 trl 
787 0 8 |i Z cyklu:  |t Tajemství Nilu  |g 1 
830 0 |a Yoli 
900 |a ABA001  |b 20 
044 |a xr 
910 |a RBIT002 
998 |d 420013  |a https://core.palmknihy.cz/api/books/420013/cover?sv4h3e  |b https://core.palmknihy.cz/api/books/420013/cover/400?sv4h3e  |c https://core.palmknihy.cz/api/books/420013/cover/50?sv4h3e  |e 2030-02-16  |g 440  |i 9788028406639  |j https://core.palmknihy.cz/api/books/420013/preview.epub  |l   |q 49  |r 1  |s https://www.palmknihy.cz/kniha/420013  |t ebook  |y 2025  |z 0  |v Tajemství Nilu  |w 1 
999 |d 302532